| 000 | 01175cab a22002055a 4500 | ||
|---|---|---|---|
| 001 | L152806 | ||
| 008 | 110504e20110415xxk 000 0 eng d | ||
| 035 | _a(Sirsi) u152806 | ||
| 041 | 0 | _aeng | |
| 100 | 1 | _aUnger, Paul | |
| 245 | 0 | 0 |
_aMarkets _bMerseyside |
| 260 | _c2011 | ||
| 490 | 0 |
_aProperty Week _v77(15), 15 April 2011, 49-56(5) |
|
| 520 | _aLiverpool City Council asks government to extend local enterprise zone to include Liverpool's business district. Peel Group is to submit planning application in May for the 2.6m sq ft Peel International Trade Centre in Wirral. Merepark and Ballymore's leisure-led scheme at Central Village in Liverpool is now progressing in a piecemeal way. Northern Ireland based developer Benmore submits planning application for a £30m leisure scheme next to New Mersey Shopping Park in south Liverpool. Liverpool city centre faces up to a 50% slump in office take-up in 2010 with only 207 515 sq ft let in the year. | ||
| 590 | _aKA | ||
| 651 | 4 | _aMerseyside | |
| 690 | _aPROPERTY-COMMERCIAL PROPERTY-COMMERCIAL PROPERTY MARKET | ||
| 690 | _aPROPERTY-COMMERCIAL PROPERTY-COMMERCIAL PROPERTY FINANCE AND INVESTMENT | ||
| 942 | _n0 | ||
| 999 |
_c83103 _d83103 |
||